000 00561nam a2200193 a 4500
005 20140310183438.0
008 080206s19uu xx 00 eng d
020 _a9780070599536
050 _aHF 5415.13
_b.Sa272 2006
100 _aSaxena, Rajan
245 _aMarketing management /
_c Rajan Saxena.
250 _a3rd ed.
260 _aNew Delhi, India :
_bTata McGraw-Hill Publishing Company Limited,
_c2006.
300 _a812 p. :
_bill. col. ;
_c25 cm.
521 _aBSBA
650 _aMarketing management.
942 _cBK
_2lcc
_kFOR
999 _c23000
_d23000